| 000 -CABECERA |
| Longitud fija campo de control |
00754nam a2200217 a 4500 |
| 003 - IDENTIFICADOR DEL NÚMERO DE CONTROL |
| Identificador del número de control |
CDMR |
| 005 - FECHA Y HORA DE LA ÚLTIMA TRANSACCIÓN |
| Fecha y hora de la última transacción |
20151104100601.0 |
| 008 - CÓDIGOS DE INFORMACIÓN DE LONGITUD FIJA |
| Códigos de información de longitud fija |
120210s2011 sp a||||||||| 000 0 spa|d |
| 017 ## - NÚMERO DE COPYRIGHT O DE DEPÓSITO LEGAL |
| Número de copyright o de depósito legal |
DL M. 38250-2011 |
| 020 ## - NÚMERO INTERNACIONAL NORMALIZADO PARA LIBROS |
| Número Internacional Normalizado para Libros (ISBN) |
9788488788832 |
| 040 ## - FUENTE DE LA CATALOGACIÓN |
| Lengua de catalogación |
cat |
| Centro transcriptor |
CDMR |
| 100 1# - PUNTO DE ACCESO PRINCIPAL-NOMBRE DE PERSONA |
| Nombre de persona |
Castillo, José María |
| Forma desarrollada del nombre |
(Castillo Pomeda) |
| 245 10 - MENCIÓN DE TÍTULO |
| Título |
Teleperiodismo en la era digital |
| Mención de responsabilidad, etc. |
José María Castillo |
| 260 ## - PUBLICACIÓN, DISTRIBUCIÓN, ETC. (PIE DE IMPRENTA) |
| Lugar de publicación, distribución, etc. |
Madrid |
| Nombre del editor, distribuidor, etc. |
Instituto RTVE |
| Fecha de publicación, distribución, etc. |
DL 2011 |
| 300 ## - DESCRIPCIÓN FÍSICA |
| Extensión |
242 p. |
| Otras características físicas |
il. col. |
| Dimensiones |
24 cm + |
| Material anejo |
1 disc òptic (DVD) |
| 504 ## - NOTA DE BIBLIOGRAFÍA, ETC |
| Nota de bibliografía, etc. |
Inclou referències bibliogràfiques (p. 235-242) |
| 650 #7 - PUNTO DE ACCESO ADICIONAL DE MATERIA - TÉRMINO DE MATERIA |
| Término de materia o nombre geográfico como elemento inicial |
Televisió |
| Subdivisión de materia general |
Producció i direcció |
| Fuente del encabezamiento o término |
lemac |
| 9 (RLIN) |
433 |
| 650 04 - PUNTO DE ACCESO ADICIONAL DE MATERIA - TÉRMINO DE MATERIA |
| 9 (RLIN) |
3076 |
| Término de materia o nombre geográfico como elemento inicial |
Periodisme digital |
| 710 2# - PUNTO DE ACCESO ADICIONAL - NOMBRE DE ENTIDAD |
| 9 (RLIN) |
2097 |
| Nombre de entidad o nombre de jurisdicción como elemento inicial |
Instituto Oficial de Radio y Televisión (Espanya) |
| 942 ## - ENTRADA DE ELEMENTOS AGREGADOS (KOHA) |
| Koha [por defecto] tipo de item |
Monografies |
| Fuente de clasificaión o esquema |
|